Manual para la Identificación de Variedades de Melocotonero II
I tiakina i:
| Kaituhi rangatōpū: | |
|---|---|
| Hōputu: | Pukapuka |
| Reo: | Pāniora |
| I whakaputaina: |
Madrid
Secretaria General Técnica. Centro de Publicaciones
1996
|
| Ngā marau: | |
| Ngā Tūtohu: |
Tāpirihia he Tūtohu
Kāore He Tūtohu, Me noho koe te mea tuatahi ki te tūtohu i tēnei pūkete!
|
MARC
| LEADER | 00000nam a2200000 a 4500 | ||
|---|---|---|---|
| 001 | UCK4143 | ||
| 003 | CL-VaPUC | ||
| 008 | 050520e19960000SP |||||||||||||||||spa|d | ||
| 020 | |a 8449102804 | ||
| 082 | 0 | 4 | |a 634.25 |b MIN |2 21 |
| 110 | 2 | |a Ministerio de Agricultura, Pesca y Alimentación |e author |9 492561 | |
| 245 | 1 | 0 | |a Manual para la Identificación de Variedades de Melocotonero II |
| 300 | |a 103 p | ||
| 942 | |c BK | ||
| 945 | |d 20050520 00:00:00 |a cmena | ||
| 260 | |a Madrid |b Secretaria General Técnica. Centro de Publicaciones |c 1996 | ||
| 650 | 0 | |a Duraznos (albaricoques, damascos, chabacanos) |9 402805 | |
| 650 | 0 | |a Clonación |9 395294 | |
| 650 | 0 | |a Variedades |9 393868 | |
| 650 | 0 | |a Fruticultura |9 259678 | |
| 583 | |a last modification |c 20050520 00:00:00 |k Rodrigo Vera | ||
| 999 | |c 313098 |d 313096 | ||
| 952 | |0 0 |1 0 |4 0 |6 634_250000000000000_MIN_1996 |7 0 |8 A |9 384188 |a BIBAGR |b BIBAGR |d 2019-11-22 |i 4091728 |o 634.25 MIN 1996 |p 4091728 |r 2025-01-20 |w 2019-11-22 |y BK |k AGR | ||